000 01478nab a2200253 a 4500
005 20250319174057.0
008 991125c2015 sp fr p o 000 0 spa d
035 _aUPN01000215982
040 _aUPN
_bspa
_cUPN
_eaacr2
049 _aART-E
100 1 _aGonzález Ruiz, Juan
245 1 0 _aDon Francisco Giner de los Ríos: Un soñador para la escuela
506 0 _aAcceso abierto
520 3 _aEn este año de 2015 se ha cumplido un centenario de la muerte de don Francisco Giner de los Ríos, fundador de la Institución Libre de Enseñanza y la personalidad más influyente en nuestro sistema educativo, desde el último cuarto del siglo XIX, a través de su obra y de su discipulado. El Centro de Recursos, Interpretación y Estudios de la Escuela quiere señalar tan destacada efeméride publicando la conferencia que su fundador y primer director pronunció el pasado 18 de septiembre en el Ateneo de Santander. El texto se mentiene íntegro, sin otros añadidos, pese a su carácter meramente divulgador, que alguna ilustración y las oportunas citas y referencias bibliográficas.
650 2 _aSistema educativo
_98050
650 2 _aSiglo xix
_910805
653 0 _aGiner de los Ríos, Francisco, 1839-1915
653 0 _aInstitución Libre de Enseñanza
773 _gNo. 14 (2015), p. 1-15
_tCabás
_x1989-5909
856 4 _uhttps://ojs.ehu.eus/index.php/cabas/article/view/25515
902 _aGloria Jiménez/1124
905 _aArticulo
942 _cART-E
999 _c188082
_d188082